000 00780nam a2200277Ia 4500
001 22514
005 20240114000643.0
007 ta
008 060318s1983 g b000 u 465 u
040 _aCotton College,Assam
041 _a465
082 _a536.2
_bPi 68 Th
100 _aPitts , Donald R..
245 0 _aTheory and Problems of Heat Transfer /
_cDonald R.Pitts & Leighton E.Sissom.
_hTextual Documents
250 _a1st ed. /
260 _aSingapore :
_bMcGraw - Hill book company ,
_cC1983.
300 _a325p. ;
_c22cm.
440 _aSchaum`s Outline Series,
490 _aSchaum`s Outline Series,
653 _aHeat
653 _aG-Physics
700 _aSissom, Leighton E..
942 _2ddc
_cBK
999 _c22496
_d22496